000 nam a22 7a 4500
999 _c9523
_d9523
008 180201b ||||| |||| 00| 0 eng d
100 _aChopra, S
_95701
245 _aTogether with Exploring Computers -VIII
260 _aNew Delhi
_bRachna Sagar Publication
_c2007